The practical measurer (Record no. 114189)

MARC details
000 -LEADER
fixed length control field 00823cam a22001815a 4500
001 - CONTROL NUMBER
control field L156333
008 - FIXED-LENGTH DATA ELEMENTS--GENERAL INFORMATION
fixed length control field 120514s1823 xxk f 000 0 eng d
035 ## - SYSTEM CONTROL NUMBER
System control number (Sirsi) u156333
041 0# - LANGUAGE CODE
Language code of text/sound track or separate title eng
100 1# - MAIN ENTRY--PERSONAL NAME
Personal name Peddie, Alexander
245 04 - TITLE STATEMENT
Title The practical measurer
Remainder of title or, Tradesman and wood merchant's assistant : containing a variety of tables, shewing the superficial and solid contents of round, square, and unequal sided timber or stone, with many other subjects intertaining [sic] and useful, designed for the use of artificers ...
Statement of responsibility, etc. by Alexander Peddie
260 ## - PUBLICATION, DISTRIBUTION, ETC.
Place of publication, distribution, etc. Glasgow
Name of publisher, distributor, etc. Khull, Blackie and Co.
Date of publication, distribution, etc. 1823
300 ## - PHYSICAL DESCRIPTION
Extent vii, 230 p., [4] fold. leaves of plates
Other physical details ill.
Dimensions 16 cm.
583 ## - ACTION NOTE
Action Condition reviewed
Time/date of action 20120620
Status condition level 1
651 #4 - SUBJECT ADDED ENTRY--GEOGRAPHIC NAME
Geographic name Great Britain
Chronological subdivision 1707-
690 ## - LOCAL SUBJECT ADDED ENTRY--TOPICAL TERM (OCLC, RLIN)
Topical term or geographic name as entry element Measurement
9 (RLIN) 6256
942 ## - ADDED ENTRY ELEMENTS (KOHA)
Suppress in OPAC 0
Holdings
Withdrawn status Lost status Source of classification or shelving scheme Damaged status Not for loan Home library Current library Shelving location Date acquired Total Checkouts Full call number Barcode Date last seen Copy number Price effective from Koha item type
    Dewey Decimal Classification     Historic collection Historic collection Historic collection 14/05/2012   OCTAVO 1823 PEDDIE 30076780 06/08/2019 1 06/08/2019 Book